Determinanty rastu ekonomiky Singapuru bakalárska práca

Gespeichert in:
Bibliographische Detailangaben
1. Verfasser: Bokorová, Soňa
Körperschaft: Fakulta medzinárodných vzťahov EU. Katedra medzinárodných ekonomických vzťahov a hospodárskej diplomacie
Weitere Verfasser: Grančay, Nóra
Format: Buch
Sprache:Slowakisch
Veröffentlicht: Bratislava 2015
Tags: Tag hinzufügen
Keine Tags, Fügen Sie das erste Tag hinzu!

MARC

LEADER 00000nbm a2200000 4500
001 0202637
005 20161212100222.6
041 0 |a slo 
044 |a SK 
245 1 0 |a Determinanty rastu ekonomiky Singapuru  |b bakalárska práca  |c Soňa Bokorová ; školiteľ: Nóra Grančay 
264 1 |a Bratislava  |c 2015 
300 |a 55 s. 
100 1 |a Bokorová, Soňa 
700 1 |a Grančay, Nóra 
710 2 |a Fakulta medzinárodných vzťahov EU. Katedra medzinárodných ekonomických vzťahov a hospodárskej diplomacie